Từ phong trào làng mới ở Hàn Quốc /
Αποθηκεύτηκε σε:
| Κύριος συγγραφέας: | |
|---|---|
| Μορφή: | Άρθρο |
| Γλώσσα: | Vietnamese |
| Θέματα: | |
| Ετικέτες: |
Προσθήκη ετικέτας
Δεν υπάρχουν, Καταχωρήστε ετικέτα πρώτοι!
|
| Thư viện lưu trữ: | Thư viện Trường Đại học Đà Lạt |
|---|
| LEADER | 00814nam a2200301 4500 | ||
|---|---|---|---|
| 001 | DLU060000452 | ||
| 040 | # | # | |a DLU |b vie |
| 041 | # | # | |a vie |
| 044 | # | # | |a vn |
| 100 | # | # | |a Nguyễn Hữu Thức |
| 245 | # | # | |a Từ phong trào làng mới ở Hàn Quốc / |c Nguyễn Hữu Thức |
| 651 | # | # | |a Hàn Quốc |
| 653 | # | # | |a Làng |
| 653 | # | # | |a Nông dân |
| 653 | # | # | |a Nông thôn |
| 653 | # | # | |a Phong trào hiện đại hoá |
| 773 | # | # | |t Văn hoá nghệ thuật |g số 8,2006,tr.88-93 |
| 920 | # | # | |a Phòng Tạp chí -- Trung tâm Thông tin - Thư viện Trường Đại học Đà Lạt |
| 933 | # | # | |a DP |
| 933 | # | # | |a LS |
| 994 | # | # | |a DLU |
| 900 | # | # | |a True |
| 911 | # | # | |a Nguyễn Thị Minh Cầm |
| 925 | # | # | |a G |
| 926 | # | # | |a A |
| 927 | # | # | |a BB |
| 980 | # | # | |a Thư viện Trường Đại học Đà Lạt |